000 00252nam a2200097Ia 4500
008 220204s9999 xx 000 0 und d
082 _a651.45(02)
_bRUB
245 0 _aRubber Board office manual 1964
260 _aKottayam
_bRubber Board
_c1964
942 _cBK
999 _c44776
_d44776